Tổng hợp gia đình xây dựng cuộc sống ngày mai

Guardat en:
Dades bibliogràfiques
Format: Llibre
Etiquetes: Afegir etiqueta
Sense etiquetes, Sigues el primer a etiquetar aquest registre!
Thư viện lưu trữ: Mạng thư viện Đại học Đà Nẵng
LEADER 00431nam a22001691a 4500
001 000039934
003 16229
005 20160412022706.0
008 160412s0 000
082 |a 4N(TK)926 
245 |a Tổng hợp gia đình xây dựng cuộc sống ngày mai 
OWN |a LNN 
999 |a From the UDN01 
TYP |a Monograph 
980 |a Mạng thư viện Đại học Đà Nẵng